Tahafot at-Tahafot /
Main Author:
Other Authors:
Format: Book
Language: Arabic
Published:
Beyrouth :
Imprimerie Catholique,
1930.
Series:
Bibliotheca arabica scholasticorum. Serie arabe ;
3.
Subjects:
Tags: Add Tag
Call Number: B753 .G33 T4633 1930
| LEADER | 01359namaa2200277 4500 | ||
|---|---|---|---|
| 001 | 11803 | ||
| 003 | OSt | ||
| 005 | 20250226141738.0 | ||
| 008 | 130303s1930 le 001 0 ara d | ||
| 040 | |c ARCE Library | ||
| 050 | 4 | |a B753 .G33 T4633 1930 | |
| 100 | 0 | |6 880-01 |a Averroës, |d 1126-1198, |e author | |
| 240 | 1 | 0 | |a Tahāfut al-tahāfut, |f 1930 |
| 245 | 1 | 0 | |6 880-02 |a Tahafot at-Tahafot / |c Averroes ; texte arabe etabil par Maurice Bouyges. |
| 264 | 1 | |a Beyrouth : |b Imprimerie Catholique, |c 1930. | |
| 300 | |a xl, 679 pages ; |c 25 cm. | ||
| 490 | 0 | |a Bibliotheca arabica scholasticorum. Serie arabe ; |v 3. | |
| 500 | |a Includes indexes. | ||
| 500 | |a Title on page 1 : Tahafut al-tahafut. Title page and introductory material in French ; text in Arabic. | ||
| 600 | 0 | 0 | |a Ghazzālī, |d 1058-1111. |t Tahāfut al-falāsifah. |
| 700 | 1 | |a Bouyges, Maurice. |9 27152 | |
| 880 | 1 | |6 100-01/(3/r |a ابن رشد، |d 1126-1198. | |
| 880 | 1 | 0 | |6 245-02/(3/r |a تهافت التهافت |c ابن رشد ؛ النص العربي بقلم موريس بويج. |
| 901 | |a reviewed | ||
| 942 | |c BK |2 lcc | ||
| 999 | |c 19898 |d 19898 | ||
